000 00901nam a2200181Ia 4500
008 100920s9999 xx 000 0 und d
082 _b86872
_a320 न 04
100 _aनाईक बहिर्जी, जोग ब. ना., हर्षे द. स.
245 _aसावरकरांची आणी भारतीय जनता पक्षाचे राजकारण.
260 _bहिंदु राष्ट्र जागृती प्रकाशन.
_c2004
300 _a20
_bसाधी
365 _b10
520 _aराजकारण.
630 _aसावरकरांची आणी भारतीय जनता पक्षाचे राजकारण.
650 _aराजकारण.
730 _aसावरकरांची आणी भारतीय जनता पक्षाचे राजकारण.
942 _cBOOK
999 _c727382
_d727379